Kompetentnosť a jej význam pre organizáciu

Kompetentnosť a kompetencie v organizácii. Vysvetlenie pojmov kompetencie a kompetentnosť. Kompetentnosť a jej vplyv na organizačnú štruktúru podniku. Organizačný graf spoločnosti. Prípadová štúdia spoločnosti Frotec.

Salvato in:
Dettagli Bibliografici
Autore principale: Skorková, Zuzana, 1979-
Natura: Capitolo di libro
Lingua:slovacco
Soggetti:
Tags: Aggiungi Tag
Nessun Tag, puoi essere il primo ad aggiungerne!!

MARC

LEADER 00000nla a2200000 4500
001 0224214
005 20240503095717.0
041 0 |a slo 
044 |a SK 
245 1 0 |a Kompetentnosť a jej význam pre organizáciu  |c Zuzana Skorková 
520 |a Kompetentnosť a kompetencie v organizácii. Vysvetlenie pojmov kompetencie a kompetentnosť. Kompetentnosť a jej vplyv na organizačnú štruktúru podniku. Organizačný graf spoločnosti. Prípadová štúdia spoločnosti Frotec. 
610 2 0 |a kompetencie 
610 2 0 |a kompetencie manažérske 
610 2 0 |a riadenie 
610 2 0 |a manažéri 
610 2 0 |a zamestnanci 
610 2 0 |a zručnosti 
610 2 0 |a schopnosti pracovné 
610 2 0 |a vzdelanie 
610 2 0 |a vedomosti 
100 1 |a Skorková, Zuzana, 1979-